Estadísticas para Países que más Visitan Francia

Haz click aquí para intentar la prueba.

Estadísticas generales

  • Esta prueba ha sido intentada 3.395 veces
  • La puntuación promedio es 12 de 14

Estadísticas de respuestas

# de visitantesPaís% Correcto
6.1 MEspaña
99%
3.2 MEstados Unidos
97%
12.7 MAlemania
96%
7.5 MItalia
96%
11.8 MReino Unido
95%
1.7 MChina
90%
9.3 MBélgica
86%
1.0 MCanadá
84%
5.5 MPaíses Bajos
83%
1.4 MPortugal
83%
6.2 MSuiza
83%
1.2 MBrasil
65%
1.3 MAustralia
61%
1.4 MLuxemburgo
46%

Distribución de puntuación

Porcentaje por número respondido

Porcentaje de gente con cada puntuación

Historial de tus puntuaciones

No has intentado esta prueba.